| 000 | 00573nam a2200193 4500 | ||
|---|---|---|---|
| 003 | LK-CoDNM | ||
| 005 | 20240201150646.0 | ||
| 008 | 240201b |||||||| |||| 00| 0 eng d | ||
| 020 | _a9786240015202 | ||
| 040 |
_aLK-CoDNM _dLK-CoDNM _eLK-CoDNM |
||
| 041 | _asin | ||
| 080 |
_a294.3 _bWAS |
||
| 100 | _aවසුබන්ධු | ||
| 245 | _aත්රිස්වභාවනිර්දේශය | ||
| 260 |
_aColombo _bS.Godage Saha Sahodarayo _c2022 |
||
| 300 | _a112p.,21cm | ||
| 700 |
_aමිද්දෙණියේ සීලවංස _etr. |
||
| 942 |
_n0 _cBK |
||
| 999 |
_c144769 _d144769 |
||